Birth Years Click Quiz - 500 to 1500 - Statistics

General Stats
  • This quiz has been taken 89 times
  • The average score is 8 of 20
Answer Stats
Hint Answer % Correct
Muhammad 570
71%
Genghis Khan 1162
58%
William the Conqueror 1028
55%
Leonardo da Vinci 1452
52%
Moctezuma II 1466
52%
Charlemagne 747
45%
Alfred the Great 848
45%
Jayavarman II 770
42%
Leif Erikson 970
42%
Jan Hus 1370
39%
Mehmed the Conqueror 1432
39%
Saladin 1137
35%
Wu Zetian 624
35%
Timur 1336
32%
El Cid 1043
29%
Rumi 1207
29%
Macbeth 1005
26%
Minamoto no Yoshitsune 1159
26%
Pachacuti 1418
19%
Ibn Battuta 1304
16%
No matching quizzes found
Score Distribution
Percent of People with Each Score
Percentile by Number Answered
Your Score History
You have not taken this quiz